Score 0/20 Timer 04:00
1 Play Today
Hint Missing Word % Correct
Pulp _____Fiction
98.3%
_____ Dollar BabyMillion
98.1%
The _____ CommandmentsTen
97.7%
The Curious Case of _____ ButtonBenjamin
96.4%
_____ KaneCitizen
95.2%
_____ BrockovichErin
94.6%
Fried _____ TomatoesGreen
93.4%
Crouching Tiger, Hidden _____Dragon
93.1%
My _____ VinnyCousin
91.7%
_____ Peaks: Fire Walk With MeTwin
91.6%
Hint Missing Word % Correct
_____ BeautyAmerican
90%
Maid in _____Manhattan
87.5%
The _____ LadyIron
81.8%
_____ ManRain
81.3%
The _____ CompassGolden
80.9%
The _____ KingLion
80%
_____ HolidayRoman
79%
Harry Potter and the Prisoner of _____Azkaban
77.9%
Shanghai _____Noon
72.3%
The _____ SuicidesVirgin
68.8%

Today's Daily Dose

Missing Word
Movies EA - EZ

Word Ladder
Bedtime!

You're not logged in!

Compare scores with friends on all Sporcle quizzes.
OR
Log In

Sporcle TV

Today on Sporcle TV


Watch our educational content, quiz creation guides, and fun videos on Sporcle TV.

Show Comments

Extras

Top Quizzes Today


Score Distribution

Paid Content

Your Account Isn't Verified!

In order to create a playlist on Sporcle, you need to verify the email address you used during registration. Go to your Sporcle Settings to finish the process.

Report this User

Report this user for behavior that violates our Community Guidelines.

Details: